<?xml version="1.0" encoding="UTF-8"?>
<record
    xmlns:xsi="http://www.w3.org/2001/XMLSchema-instance"
    xsi:schemaLocation="http://www.loc.gov/MARC21/slim http://www.loc.gov/standards/marcxml/schema/MARC21slim.xsd"
    xmlns="http://www.loc.gov/MARC21/slim">

  <leader>00548ckm a2200181Ia 4500</leader>
  <datafield tag="040" ind1=" " ind2=" ">
    <subfield code="c">GPO</subfield>
  </datafield>
  <datafield tag="082" ind1=" " ind2=" ">
    <subfield code="a">631 U.S 2006? A038 Or.</subfield>
  </datafield>
  <datafield tag="100" ind1="1" ind2=" ">
    <subfield code="a">Frary, Michael,</subfield>
  </datafield>
  <datafield tag="245" ind1="1" ind2="0">
    <subfield code="a">Irrigation</subfield>
  </datafield>
  <datafield tag="260" ind1=" " ind2=" ">
    <subfield code="a">[Washington, D.C. :</subfield>
    <subfield code="b">U.S. Bureau of Reclamation,</subfield>
    <subfield code="c">2006?]</subfield>
  </datafield>
  <datafield tag="300" ind1=" " ind2=" ">
    <subfield code="a">Electronic text with graphic :</subfield>
    <subfield code="b">HTML file.</subfield>
  </datafield>
  <datafield tag="500" ind1=" " ind2=" ">
    <subfield code="a">Title from title screen (viewed on Jan. 29, 2007).</subfield>
  </datafield>
  <datafield tag="500" ind1=" " ind2=" ">
    <subfield code="a">"Acrylic on masonite, 30" x 40"."</subfield>
  </datafield>
  <datafield tag="650" ind1=" " ind2="0">
    <subfield code="a">Irrigation</subfield>
  </datafield>
  <datafield tag="710" ind1="1" ind2=" ">
    <subfield code="a">United States.</subfield>
  </datafield>
  <datafield tag="856" ind1="4" ind2="0">
    <subfield code="u">http://purl.fdlp.gov/GPO/gpo5644</subfield>
  </datafield>
  <datafield tag="942" ind1=" " ind2=" ">
    <subfield code="c">FB</subfield>
  </datafield>
  <datafield tag="999" ind1=" " ind2=" ">
    <subfield code="c">11851</subfield>
    <subfield code="d">11851</subfield>
  </datafield>
  <datafield tag="952" ind1=" " ind2=" ">
    <subfield code="0">0</subfield>
    <subfield code="1">0</subfield>
    <subfield code="4">0</subfield>
    <subfield code="6">631_000000000000000_U_S_2006_A038_OR</subfield>
    <subfield code="7">0</subfield>
    <subfield code="9">60666</subfield>
    <subfield code="a">LBA</subfield>
    <subfield code="b">LBA</subfield>
    <subfield code="c">A038</subfield>
    <subfield code="d">2017-08-08</subfield>
    <subfield code="o">631 U.S 2006? A038 Or.</subfield>
    <subfield code="p">A10653</subfield>
    <subfield code="r">2017-08-08</subfield>
    <subfield code="w">2017-08-08</subfield>
    <subfield code="y">FB</subfield>
  </datafield>
  <datafield tag="952" ind1=" " ind2=" ">
    <subfield code="0">0</subfield>
    <subfield code="1">0</subfield>
    <subfield code="4">0</subfield>
    <subfield code="6">631_000000000000000_U_S_2006_A038_OR</subfield>
    <subfield code="7">0</subfield>
    <subfield code="9">60668</subfield>
    <subfield code="a">LBA</subfield>
    <subfield code="b">LBA</subfield>
    <subfield code="c">A038</subfield>
    <subfield code="d">2017-08-08</subfield>
    <subfield code="o">631 U.S 2006? A038 Or.</subfield>
    <subfield code="p">A11237</subfield>
    <subfield code="r">2017-08-08</subfield>
    <subfield code="w">2017-08-08</subfield>
    <subfield code="y">FB</subfield>
  </datafield>
  <datafield tag="952" ind1=" " ind2=" ">
    <subfield code="0">0</subfield>
    <subfield code="1">0</subfield>
    <subfield code="4">0</subfield>
    <subfield code="6">631_000000000000000_U_S_2006_A038_OR</subfield>
    <subfield code="7">0</subfield>
    <subfield code="9">60669</subfield>
    <subfield code="a">LBA</subfield>
    <subfield code="b">LBA</subfield>
    <subfield code="c">A038</subfield>
    <subfield code="d">2017-08-08</subfield>
    <subfield code="o">631 U.S 2006? A038 Or.</subfield>
    <subfield code="p">A09896</subfield>
    <subfield code="r">2017-08-08</subfield>
    <subfield code="w">2017-08-08</subfield>
    <subfield code="y">FB</subfield>
  </datafield>
</record>
